[Event "Ostrava Seniors op"]
[Site "Ostrava"]
[Date "2014.05.03"]
[Round "8"]
[White "Kanovsky, Jan"]
[Black "Biza, Miroslav"]
[Result "0-1"]
[WhiteElo "1728"]
[BlackElo "1928"]
[PlyCount "102"]
[EventDate "2014.04.26"]
[EventType "swiss"]
[EventRounds "9"]
[EventCountry "CZE"]
[SourceTitle "CBM 160 Extra"]
[Source "ChessBase"]
[SourceDate "2014.07.01"]
[SourceVersion "1"]
[SourceVersionDate "2014.07.01"]
[SourceQuality "1"]

1. e4 Nf6 2. e5 Nd5 3. d4 d6 4. Nf3 Nb6 5. Bd3 Bg4 6. h3 Bh5 7. g4 Bg6 8. c3 e6 9. Bg5 Be7 10. Bxe7 Qxe7 11. Na3 Bxd3 12. Qxd3 Nc6 13. exd6 cxd6 14. 0-0-0 d5 15. Rde1 a6 16. h4 Qf6 17. Qe3 0-0-0 18. Rh3 h5 19. g5 Qe7 20. Ne5 Nxe5 21. Qxe5 Rhg8 22. Rf3 g6 23. Kb1 Rgf8 24. Re2 Qc7 25. Qxc7+ Kxc7 26. b3 Nc8 27. Kb2 Nd6 28. Nb1 Nf5 29. Rf4 Kd6 30. Nd2 f6 31. gxf6 Rxf6 32. Nf3 Rdf8 33. Kc1 Ne7 34. Rxf6 Rxf6 35. Ng5 Nc6 36. Kd2 e5 37. Ke3 exd4+ 38. cxd4 Ne7 39. Nf3 Nf5+ 40. Kd3 Ng3 41. Re3 Nf1 42. Ke2 Nxe3 43. fxe3 Ke6 44. Ne5 Kf5 45. Kd3 Re6 46. Nd7 Re7 47. Nb6 Ke6 48. e4 dxe4+ 49. Kxe4 Kd6+ 50. Kd3 Re1 51. d5 Rh1 0-1

[Event "Ostrava Seniors op"]
[Site "Ostrava"]
[Date "2014.04.29"]
[Round "4"]
[White "Plesnik, Miroslav"]
[Black "Kanovsky, Jan"]
[Result "1/2-1/2"]
[WhiteElo "1877"]
[BlackElo "1728"]
[PlyCount "54"]
[EventDate "2014.04.26"]
[EventType "swiss"]
[EventRounds "9"]
[EventCountry "CZE"]
[SourceTitle "CBM 160 Extra"]
[Source "ChessBase"]
[SourceDate "2014.07.01"]
[SourceVersion "1"]
[SourceVersionDate "2014.07.01"]
[SourceQuality "1"]

1. d4 Nf6 2. c4 g6 3. Nc3 Bg7 4. e4 d6 5. Bd3 Nc6 6. Nge2 e5 7. d5 Nd4 8. 0-0 c5 9. dxc6 bxc6 10. Bg5 h6 11. Bh4 g5 12. Bg3 c5 13. Nxd4 cxd4 14. Nd5 0-0 15. Nxf6+ Bxf6 16. b4 Qc7 17. Qh5 Kg7 18. h4 Rh8 19. hxg5 hxg5 20. Qe2 Bd7 21. f3 Be7 22. Be1 f6 23. Bd2 Rh7 24. Qf2 Rah8 25. Qg3 Kf8 26. Kf2 Rh2 27. Kg1 Rh1+ 1/2-1/2

[Event "Ostrava Konik op-C"]
[Site "Ostrava"]
[Date "2012.05.02"]
[Round "5"]
[White "Kanovsky, Jan"]
[Black "Koerber, Antonin"]
[Result "1-0"]
[WhiteElo "1845"]
[BlackElo "1816"]
[PlyCount "57"]
[EventDate "2012.04.28"]
[EventType "swiss"]
[EventRounds "9"]
[EventCountry "CZE"]
[SourceTitle "CBM 148 Extra"]
[Source "ChessBase"]
[SourceDate "2012.06.22"]
[SourceVersion "1"]
[SourceVersionDate "2012.06.22"]
[SourceQuality "1"]

1. e4 b6 2. d4 e6 3. Nf3 Bb7 4. Bd3 Ne7 5. 0-0 Ng6 6. Re1 Be7 7. Be3 0-0 8. Nbd2 d6 9. c3 Nd7 10. Qc2 e5 11. Rac1 a5 12. Nf1 Nh4 13. Qe2 Nxf3+ 14. Qxf3 Bg5 15. Qg3 Bxe3 16. Nxe3 h6 17. h4 Ba6 18. Bxa6 Rxa6 19. Nf5 Qf6 20. Re3 Kh7 21. Rf3 Rg8 22. Qh3 Qd8 23. Rd1 Qe8 24. Ng3 Qe6 25. Qxe6 fxe6 26. Rf7 Rd8 27. Nh5 Kg6 28. Rxg7+ Kxh5 29. g4+ 1-0

[Event "CZE-chT2F 1112"]
[Site "Czech Republic"]
[Date "2012.01.22"]
[Round "6.28"]
[White "Kozel, Jiri"]
[Black "Kanovsky, Jan"]
[Result "1-0"]
[WhiteElo "1943"]
[BlackElo "1845"]
[PlyCount "67"]
[EventDate "2011.10.09"]
[EventType "team-tourn"]
[EventRounds "11"]
[EventCountry "CZE"]
[SourceTitle "EXT 2013"]
[Source "ChessBase"]
[SourceDate "2012.11.22"]
[SourceVersion "1"]
[SourceVersionDate "2012.11.22"]
[SourceQuality "1"]
[WhiteTeam "Frydek Mistek II"]
[BlackTeam "Koprivnice Tatra"]
[WhiteTeamCountry "CZE"]
[BlackTeamCountry "CZE"]

1. e4 e5 2. Nf3 Nc6 3. Bb5 a6 4. Ba4 Nf6 5. 0-0 Be7 6. Re1 b5 7. Bb3 d6 8. c3 0-0 9. h3 Na5 10. Bc2 c5 11. d4 Qc7 12. a4 Bd7 13. d5 Rfb8 14. b4 cxb4 15. cxb4 Nc4 16. a5 Rc8 17. Bd3 Qb7 18. Nbd2 Nxd2 19. Bxd2 Qc7 20. Nh2 Be8 21. Qe2 Qd8 22. f4 Nd7 23. g3 Kh8 24. Nf3 Bf6 25. Rac1 Rxc1 26. Rxc1 Rc8 27. Qf1 Kg8 28. Be3 g6 29. Qd1 Bg7 30. Rc2 f6 31. Qc1 Rxc2 32. Qxc2 Qa8 33. Qc7 Bf8 34. Qc6 1-0

[Event "Ostrava Konik op-B"]
[Site "Ostrava"]
[Date "2011.05.08"]
[Round "9"]
[White "Klus, Milan"]
[Black "Kanovsky, Jan"]
[Result "1/2-1/2"]
[WhiteElo "1635"]
[BlackElo "1891"]
[PlyCount "44"]
[EventDate "2011.04.30"]
[EventType "swiss"]
[EventRounds "9"]
[EventCountry "CZE"]
[SourceTitle "CBM 142 Extra"]
[Source "ChessBase"]
[SourceDate "2011.06.27"]
[SourceVersion "1"]
[SourceVersionDate "2011.06.27"]
[SourceQuality "1"]

1. e4 e5 2. Nf3 Nc6 3. Bb5 a6 4. Bxc6 dxc6 5. d4 exd4 6. Qxd4 Qf6 7. 0-0 Bg4 8. Nbd2 c5 9. Qxf6 Nxf6 10. e5 Nd7 11. c4 Be7 12. b3 0-0 13. Bb2 Rad8 14. Rad1 f6 15. h3 Bf5 16. Nb1 fxe5 17. Nxe5 Nxe5 18. Bxe5 c6 19. Rd2 Rxd2 20. Nxd2 Rd8 21. Bc3 Rd3 22. Nb1 Kf7 1/2-1/2

[Event "Ostrava Konik op-B"]
[Site "Ostrava"]
[Date "2011.05.07"]
[Round "8"]
[White "Kanovsky, Jan"]
[Black "Milat, Patrik"]
[Result "0-1"]
[WhiteElo "1891"]
[BlackElo "1791"]
[PlyCount "106"]
[EventDate "2011.04.30"]
[EventType "swiss"]
[EventRounds "9"]
[EventCountry "CZE"]
[SourceTitle "CBM 142 Extra"]
[Source "ChessBase"]
[SourceDate "2011.06.27"]
[SourceVersion "1"]
[SourceVersionDate "2011.06.27"]
[SourceQuality "1"]

1. e4 e5 2. Nf3 Nf6 3. Nc3 Nc6 4. Bb5 Bb4 5. 0-0 0-0 6. d3 d6 7. Bg5 Bxc3 8. bxc3 a6 9. Ba4 b5 10. Bb3 Na5 11. Re1 h6 12. Bh4 Nxb3 13. axb3 Bb7 14. h3 g5 15. Bg3 Nh5 16. Bh2 Nf4 17. Qd2 Kh7 18. Bxf4 gxf4 19. d4 f5 20. exf5 Bxf3 21. gxf3 Qh4 22. Kh2 Rxf5 23. Rg1 Rh5 24. Qd3+ Kh8 25. Qf1 Rg5 26. Rg4 Rxg4 27. fxg4 h5 28. Qg2 Rg8 29. Rg1 Rxg4 30. Qf3 Rxg1 31. Kxg1 Qg5+ 32. Kf1 Qf5 33. h4 e4 34. Qg2 Kh7 35. Ke1 d5 36. Kd2 Qg4 37. Qh2 Kg6 38. c4 bxc4 39. bxc4 dxc4 40. Kc3 Qf5 41. Kxc4 c6 42. Kc3 Kf7 43. Kd2 Qa5+ 44. Ke2 Qc5 45. Kd2 Qb4+ 46. Ke2 Qc4+ 47. Ke1 Qc3+ 48. Kf1 Qd2 49. Kg1 Qc1+ 50. Kg2 a5 51. Qh3 f3+ 52. Kg3 Qg1+ 53. Kf4 Qg4+ 0-1

[Event "Ostrava Konik op-B"]
[Site "Ostrava"]
[Date "2011.05.05"]
[Round "6"]
[White "Kanovsky, Jan"]
[Black "Kanakova, Natalie"]
[Result "1/2-1/2"]
[WhiteElo "1891"]
[BlackElo "1575"]
[PlyCount "67"]
[EventDate "2011.04.30"]
[EventType "swiss"]
[EventRounds "9"]
[EventCountry "CZE"]
[SourceTitle "CBM 142 Extra"]
[Source "ChessBase"]
[SourceDate "2011.06.27"]
[SourceVersion "1"]
[SourceVersionDate "2011.06.27"]
[SourceQuality "1"]

1. e4 c5 2. Nc3 Nc6 3. g3 g6 4. Bg2 Bg7 5. d3 Nf6 6. Nge2 0-0 7. 0-0 d6 8. h3 a6 9. a4 Bd7 10. Kh2 Qc7 11. Bg5 Rac8 12. Qd2 Rfe8 13. Rab1 Nd4 14. Be3 Nxe2 15. Qxe2 Qa5 16. f4 Qb4 17. Bd2 Qb6 18. g4 Qc7 19. Kh1 Rf8 20. b3 Bc6 21. f5 b5 22. axb5 axb5 23. Nd1 Nd7 24. Ne3 Ne5 25. Nd5 Bxd5 26. exd5 Ra8 27. fxg6 fxg6 28. Rxf8+ Rxf8 29. Rf1 Qd8 30. Bf4 b4 31. Bxe5 Bxe5 32. Rxf8+ Qxf8 33. Qf3 Qxf3 34. Bxf3 1/2-1/2

[Event "Ostrava op"]
[Site "Ostrava"]
[Date "2009.05.08"]
[Round "7"]
[White "Kanovsky, Jan"]
[Black "Balogh, Milan"]
[Result "1/2-1/2"]
[WhiteElo "1810"]
[BlackElo "1670"]
[PlyCount "109"]
[EventDate "2009.05.02"]
[EventType "swiss"]
[EventRounds "9"]
[EventCountry "CZE"]
[SourceTitle "EXT 2011"]
[Source "ChessBase"]
[SourceDate "2010.11.26"]
[SourceVersion "1"]
[SourceVersionDate "2010.11.26"]
[SourceQuality "1"]

1. e4 c5 2. Nf3 Nc6 3. d4 cxd4 4. Nxd4 e5 5. Nb5 d6 6. c4 Nf6 7. N1c3 a6 8. Na3 h6 9. Be2 Nd4 10. Nc2 Nxe2 11. Qxe2 Be7 12. 0-0 Qb6 13. Kh1 Bd7 14. b3 Bc6 15. Nd5 Nxd5 16. exd5 Bd7 17. f4 0-0 18. Bb2 f6 19. Bc1 Qc7 20. Bd2 b5 21. Ne3 Rab8 22. f5 Qc8 23. g4 bxc4 24. bxc4 Rb2 25. Qd3 Qb7 26. Bc3 Rb6 27. Ba5 Bd8 28. Bxb6 Bxb6 29. Rab1 Qa7 30. Nc2 Rc8 31. Qb3 Rb8 32. Qa3 Bc7 33. Rxb8+ Bxb8 34. Qb4 a5 35. Qb2 Bc7 36. Kg2 Qc5 37. Rb1 Qxc4 38. Ne3 Qe4+ 39. Kf2 Qf4+ 40. Ke2 Bc8 41. Qd2 Qxh2+ 42. Kd1 Qh1+ 43. Kc2 Qe4+ 44. Kc1 Ba6 45. Rb3 Qh1+ 46. Qd1 Qh2 47. Qc2 Qg1+ 48. Kb2 a4 49. Qxc7 axb3 50. Qd8+ Kh7 51. Qe8 Qf2+ 52. Ka3 Qxa2+ 53. Kb4 Qd2+ 54. Ka3 Qc1+ 55. Ka4 1/2-1/2